书目信息 |
| 题名: |
1942
|
|
| 作者: | 孟磊 , 关国锋 , 郭小阳 编著 | |
| 分册: | ||
| 出版信息: | 北京 中华书局 2012.12 |
|
| 页数: | 275页 | |
| 开本: | 23cm | |
| 丛书名: | ||
| 单 册: | ||
| 中图分类: | K296.1 | |
| 科图分类: | ||
| 主题词: | 地方史 | |
| 电子资源: | ||
| ISBN: | 978-7-101-09049-9 | |
| 000 | 00914nam0 2200301 450 | |
| 001 | 005763234 | |
| 005 | 20130608091700.03 | |
| 010 | @a978-7-101-09049-9@dCNY30.00 | |
| 035 | @a(A210000LPL)012004630431 | |
| 100 | @a20130130e20132012em y0chiy50 ea | |
| 101 | 0 | @achi |
| 102 | @aCN@b110000 | |
| 105 | @aak z 000yy | |
| 106 | @ar | |
| 200 | 1 | @a1942@e饥饿中国@f孟磊,关国锋,郭小阳等编著 |
| 210 | @a北京@c中华书局@d2012.12@h2013.01重印 | |
| 215 | @a275页@c图@d23cm | |
| 330 | @a本书重访3000里路,打捞1942那一年的沉重历史,收录20多位亲历者真切记忆,包含近50张目击者的珍贵照片。 | |
| 517 | 1 | @a饥饿中国@9ji e zhong guo |
| 606 | 0 | @a地方史 |
| 607 | @a河南@x地方史@z1942@x史料 | |
| 607 | @a河南 | |
| 690 | @aK296.1@v5 | |
| 701 | 0 | @a孟磊@9meng lei@4编著 |
| 701 | 0 | @a关国锋@9guan guo feng@4编著 |
| 701 | 0 | @a郭小阳@9guo xiao yang@4编著 |
| 801 | 0 | @aCN@b人天书店@c20130130 |
| 905 | @dK296.1@e190 | |
| 1942:饥饿中国/孟磊,关国锋,郭小阳等编著.-北京:中华书局,2012.12(2013.01重印) |
| 275页:图;23cm |
| ISBN 978-7-101-09049-9:CNY30.00 |
| 本书重访3000里路,打捞1942那一年的沉重历史,收录20多位亲历者真切记忆,包含近50张目击者的珍贵照片。 |
| ● |
| 相关链接 |
|
|
|
|
正题名:1942
索取号:K296.1/190
 
预约/预借
| 序号 | 登录号 | 条形码 | 馆藏地/架位号 | 状态 | 备注 |
| 1 | 0543337 | 205433379 | 第二样本阅览室/ [索取号:K296.1/190] | 在馆 | |
| 2 | 0543338 | 205433388 | 第二借阅区/ [索取号:K296.1/190] | 在馆 | |
| 3 | 0543339 | 205433397 | 第二借阅区/ [索取号:K296.1/190] | 在馆 | |
| 4 | 0543340 | 205433404 | 第二借阅区/ [索取号:K296.1/190] | 在馆 | |
| 5 | 0543341 | 205433413 | 第二借阅区/ [索取号:K296.1/190] | 在馆 |